| 000 | 01482nam0a22003131 4500 | ||
|---|---|---|---|
| 001 | v19\rc\2109484 | ||
| 005 | 20250620051038.0 | ||
| 035 | _a(NLR Aleph) 005185656 | ||
| 090 |
_a5163049 _c5163049 |
||
| 100 | _a20090914d1803 |||y0rusy50 ca | ||
| 101 | 1 |
_arus _csan |
|
| 102 | _aRU | ||
| 105 | _aa z |||a| | ||
| 200 | 1 | _aБасни и сказки индейские, сочиненные Вишну-Сармой на древнем индусском или санскритском языке и служившие образцом басням Пильпаевым, Езоповым и пр. | |
| 210 |
_aСанкт-Петербург _cпри Губернском правлении _d1803 |
||
| 215 |
_a275 с., 16 л. ил. _d14 |
||
| 300 | _aВишну-Сарма (Вишну Шарма) является легендарным лицом | ||
| 300 | _aНа с. 7 текста загл.: Гитопадес, т. е. полезное наставление Вишну Сармы | ||
| 316 |
_aЭкз. РНБ (128/3621): деф.: отсутствует тит. л. и 16 л. ил. _5NLR: 128/3621 |
||
| 500 | 1 | 1 | _aХитопадеша |
| 517 | 0 | _aГитопадес, т. е. полезное наставление Вишну Сармы | |
| 702 | 0 |
_aВишну Шарма _4570 |
|
| 790 | 0 | _aВишну-Сарма | |
| 801 | 0 |
_aRU _bNLR _gpsbo |
|
| 801 | 1 |
_aRU _bProSoft-M _2rusmarc |
|
| 852 |
_aNLR _j18.133.6.4 |
||
| 852 |
_aNLR _j128/3621 |
||
| 942 | _cBOOK | ||
| 980 | _aNB | ||